000 00739nam a2200289Ia 4500
001 15855
003 IT-RoPAU
008 130308s9999 xx 000 0 und d
040 _aIT-RoPAU
040 _cIT-RoPAU
041 _aITALIANO
100 _aPsi
100 _gCodice Aut. SPICS: 2307
245 _aSchema di disegno di legge sul teatro di prosa
245 _bTeatro del regime (Il)
250 _a1a ed.
260 _aMILANO
260 _bMazzotta
260 _c1976 [1° Ed.:1976 - Ed.Ling.Originale:1976]
300 _a"5 p. (prefazione: no ; testo: 5 [pagine: 156-160])"
650 _aINDUSTRIA TEATRALE
650 _eCodice materia Spics: 8406
942 _cBK
957 _71
999 _c61482
_d61482
999 _bSI
999 _g1